<?xml version="1.0" encoding="UTF-8"?>
<record
    xmlns:xsi="http://www.w3.org/2001/XMLSchema-instance"
    xsi:schemaLocation="http://www.loc.gov/MARC21/slim http://www.loc.gov/standards/marcxml/schema/MARC21slim.xsd"
    xmlns="http://www.loc.gov/MARC21/slim">

  <leader>01131nam a22002057a 4500</leader>
  <controlfield tag="008">170624s2017        xxu||||| |||| 00| 0 eng d</controlfield>
  <datafield tag="082" ind1="0" ind2="4">
    <subfield code="a">702</subfield>
    <subfield code="b">P963i</subfield>
  </datafield>
  <datafield tag="110" ind1="1" ind2=" ">
    <subfield code="a">Independent Curators International.</subfield>
    <subfield code="9">449</subfield>
  </datafield>
  <datafield tag="245" ind1="1" ind2="0">
    <subfield code="a">Spring/summer 2017 /</subfield>
    <subfield code="c">Independent Curators International.</subfield>
  </datafield>
  <datafield tag="250" ind1=" " ind2=" ">
    <subfield code="a">1a ed.</subfield>
  </datafield>
  <datafield tag="260" ind1=" " ind2=" ">
    <subfield code="a">Nueva York, Estados Unidos :</subfield>
    <subfield code="b">Independent Curators International (ICI),</subfield>
    <subfield code="c">2017.</subfield>
  </datafield>
  <datafield tag="300" ind1=" " ind2=" ">
    <subfield code="a">64 p&#xE1;ginas :</subfield>
    <subfield code="b">ilustraciones.</subfield>
  </datafield>
  <datafield tag="505" ind1="0" ind2=" ">
    <subfield code="t">Exhibitions: -Publishing againts the grain -The ocean after nature -Apichatpong weerasethakul -Salon de fleurus -EN MAS' -Documenta -do it.</subfield>
    <subfield code="t">Spotlight: "Museum without walls".</subfield>
    <subfield code="t">Events: -Curator's perspective -Curatorial hub.</subfield>
    <subfield code="t">Curatorial intensive: -Report Manila -Alumni news -Alumni profile.</subfield>
    <subfield code="t">Research: -Research convening -Interview with Miguel A. L&#xF3;pez -Publications.</subfield>
    <subfield code="t">Support: -Annual benefit &amp; Auction -Limited editions -Patrons groups -Thank you -Acces ICI. </subfield>
  </datafield>
  <datafield tag="653" ind1="1" ind2="0">
    <subfield code="a">Curadur&#xED;a</subfield>
  </datafield>
  <datafield tag="653" ind1="1" ind2="0">
    <subfield code="a">Arte contempor&#xE1;neo</subfield>
  </datafield>
  <datafield tag="653" ind1="1" ind2="0">
    <subfield code="a">Curadores</subfield>
  </datafield>
  <datafield tag="653" ind1="1" ind2="0">
    <subfield code="a">Exhibiciones itinerantes</subfield>
  </datafield>
  <datafield tag="653" ind1="1" ind2="0">
    <subfield code="a">Arte internacional</subfield>
  </datafield>
  <datafield tag="653" ind1="1" ind2="0">
    <subfield code="a">Intercambio art&#xED;stico colaborativo</subfield>
  </datafield>
  <datafield tag="999" ind1=" " ind2=" ">
    <subfield code="c">1209</subfield>
    <subfield code="d">1209</subfield>
  </datafield>
  <datafield tag="952" ind1=" " ind2=" ">
    <subfield code="0">0</subfield>
    <subfield code="1">0</subfield>
    <subfield code="2">ddc</subfield>
    <subfield code="4">0</subfield>
    <subfield code="7">0</subfield>
    <subfield code="a">LV</subfield>
    <subfield code="b">LV</subfield>
    <subfield code="c">Monograf&#xED;as</subfield>
    <subfield code="d">2017-06-24</subfield>
    <subfield code="l">0</subfield>
    <subfield code="o">702 P963i</subfield>
    <subfield code="p">004393</subfield>
    <subfield code="r">2017-06-24 00:00:00</subfield>
    <subfield code="w">2017-06-24</subfield>
    <subfield code="y">01</subfield>
  </datafield>
</record>
